| 000 | 00701nam a2200169 a 4500 | ||
|---|---|---|---|
| 001 | 000047875 | ||
| 005 | 20210301120403.0 | ||
| 008 | 181001s2014 dr r 000 0 spa d | ||
| 040 |
_aDO-SdBNP _bspa _cBNPHU |
||
| 082 |
_axxxx _bR426inve |
||
| 110 | 1 |
_aRepública Dominicana _bescuela de graduados de estudios superiores aeronáuticos (EGESA) _975438 |
|
| 245 | 1 | 0 |
_aInvestigaciones aeronáuticas : _bcompendio de monografías de la especialidad de estudios superiores aeronáuticos, promociones 2012-2015. |
| 260 |
_aSanto Domingo : _bINSUDE, _c2014. |
||
| 300 |
_av. ; _c23 cm. |
||
| 590 | _aInventariado, 2018/BT | ||
| 710 | 2 |
_aInstituto Superior para la Defensa General Juan Pablo Duarte y Díez _975437 |
|
| 999 |
_c47363 _d47363 |
||